000 00543nam a2200181Ia 4500
001 17054
005 20260306170356.0
008 260306t2010||||xx |||||||||||||| ||und||
041 _aESP
082 _a657.45
_bA52
100 _aAmat, Oriol
_eAUT
245 0 _aAnálisis integral de empresas:
_bclaves para un chequeo completo: desde el análisis cualitativo al análisis de balances. Con casos prácticos resueltos
260 _c2010
300 _a261 páginas :
_c23 cm.
650 _aGEN
654 _aCCO
942 _cLIB
_dJUS
_fJUS
_2ddc
_n
999 _c17054
_d17054